Bears by picture - Statistics

General Stats
  • This quiz has been taken 45 times
  • The average score is 5 of 8
Answer Stats
Picture Answer % Correct
Giant Panda
95%
Brown Bear
93%
Polar Bear
93%
Sun Bear
73%
Sloth Bear
51%
Spectacled bear
49%
Asiatic Black Bear
32%
North American Black Bear
15%
No matching quizzes found
Score Distribution
Percent of People with Each Score
Percentile by Number Answered
Your Score History
You have not taken this quiz